Supply Chain Management (Record no. 1964)

MARC details
000 -LEADER
fixed length control field 00424nam a22001697a 4500
005 - DATE AND TIME OF LATEST TRANSACTION
control field 20160527122207.0
008 - FIXED-LENGTH DATA ELEMENTS--GENERAL INFORMATION
fixed length control field 160527b xxu||||| |||| 00| 0 eng d
020 ## - INTERNATIONAL STANDARD BOOK NUMBER
ISBN 81-7808-272-1
041 ## - LANGUAGE CODE
Language code of text/sound track or separate title eng
082 ## - DEWEY DECIMAL CLASSIFICATION NUMBER
Item number 5525
100 ## - MAIN ENTRY--AUTHOR NAME
Personal name Chopra, Sunil & Meindi , Peter
245 ## - TITLE STATEMENT
Title Supply Chain Management
260 ## - PUBLICATION, DISTRIBUTION, ETC. (IMPRINT)
Place of publication New Delhi
Name of publisher Academic Faundation
Year of publication 2002
300 ## - PHYSICAL DESCRIPTION
Number of Pages 448
650 ## - SUBJECT ADDED ENTRY--TOPICAL TERM
Topical Term Management
942 ## - ADDED ENTRY ELEMENTS (KOHA)
Koha item type Books
Holdings
Lost status Damaged status Collection code Home library Current library Shelving location Date acquired Source of acquisition Cost, normal purchase price Full call number Accession Number Koha item type
    MANAGEMENT JRU Library JRU Library SHELF- 66 N 27/05/2016 PURCHASE 275.00 5525 5525 Books
    MANAGEMENT JRU Library JRU Library SHELF- 66 N 27/05/2016 PURCHASE 275.00 5525 5526 Books
    MANAGEMENT JRU Library JRU Library SHELF- 66 N 27/05/2016 PURCHASE 275.00 5525 5527 Books